Libyan Cuisine by Images - Statistics

General Stats
  • This quiz has been taken 8 times
  • The average score is 2 of 12
Answer Stats
Picture Answer % Correct
Bazin
71%
Shakshouka
57%
Basbousa
29%
Loubia
14%
Mbatan batata
14%
Sfinz
14%
Bureek muwaraq
0%
Bureek tajin
0%
Hasa adas
0%
Kaak malih
0%
Mubattan kusha
0%
Tajin mahshi
0%
No matching quizzes found
Score Distribution
Percent of People with Each Score
Percentile by Number Answered
Your Score History
You have not taken this quiz